Журналы Театрально-литературного комитета

RUSMARC
00005042cbc2a2200000#x 450
001f310a595-ec56-49a1-b3de-738cbcd429dd
00520190611153604.0
100##$a20190610l18591860k l0rusy0189 ca
1010#$arus
102##$aRU
2001#$aЖурналы Театрально-литературного комитета
$e[21 марта 1859 года - 5 марта 1861 года]
$j1859-1860, 1860-1861
251##$cДело
300##$aРукописный текст. Чернила
300##$aВ деле содержится журнал в переплете
801#0$aRU
$bРГИА
$c20190610
801#1$aRU
$bГлавНИВЦ
$c20190610
$2rusmarc
801#2$aRU
$bПБ им. Б.Н. Ельцина
$c20190610
$gRCR
$2rusmarc
850##$aФедеральное казенное учреждение "Российский государственный исторический архив" (РГИА)
852##$aРГИА
$j3264
937##$hРГИА
$d12317661
$aASBIBLIO_SCAN
462#0$10019a35cca9-b43d-452e-af67-755266f4acb5
$12001
$a1783-1917 гг.
$vД. 3264
$1251
$cОпись
$1852
$j4
461#0$10019264ebf8-de62-4f1a-9eb4-9f22098dbbd5
$12001
$aДирекция императорских театров МИДв
$1251
$cФонд
$1852
$j497
215##$a167 листов
$d35х22 см
371##$aДокумент не является опубликованным и широко распространяемым
105##$ay###
1222#$ad18590321##
$ad18600305##
035##$af310a595-ec56-49a1-b3de-738cbcd429dd
856##$uhttp://readingroom.main.prlib.ru/item.aspx?id_node=n130046388&mode=full
60102$2prlib_sh
$3LIBNET\UAF\0000083577
$aТеатрально-литературный комитет
$cСанкт-Петербург, город
$xИстория
$jПериодические издания
6061#$aТеатральная жизнь
$yРоссия
$z19 в.
$jПериодические издания
6061#$aТеатр
$2nlr_sh
$3RU\NLR\AUTH\66954322
$xРепертуар
$jПериодические издания
605##$2acquisition_Prlib
$3LIBNET\UAF\0000080478
$aГод театра в России
$lколлекция
605##$aРоссия в лицах
$lколлекция
$2acquisition_Prlib
$3DITM\AF\0000004166
Формат отображения